000 00501nam a2200193 a 4500
001 5603
003 CO-ViMGA
008 141112s2004 ck r 000 u spa d
040 _aCO-ViMGA
_bspa
_cCO-ViMGA
082 0 4 _a745.54 M177
100 1 _aMartínez, María Jose
_93969
245 1 0 _aCotillón
260 _aBuenos Aires :
_bAlbatros,
_c1996
300 _a61 p : il
490 _aChicos creativos
650 1 4 _aPAPEL - MANUALIDADES
_93970
650 1 4 _aTRABAJOS MANUALES
_94194
942 _2ddc
_cBK
999 _c17586
_d17586